| 000 | 00383nam a22001337a 4500 | ||
|---|---|---|---|
| 020 | _a9787119118680 | ||
| 040 | _cNUST | ||
| 082 |
_a623.893 _bCHI |
||
| 100 |
_a Yuan Shuyou _986405 |
||
| 245 |
_aChina's Beidou _bNavigation satellite system: a pillar of the great power _cShuyou Yuan |
||
| 260 |
_a Beijing _bForeign Languages Press _c2020. |
||
| 300 | _a221P ; | ||
| 942 |
_2ddc _cBK |
||
| 999 |
_c587310 _d587310 |
||